|
|
|
|
| LEADER |
00000nam a22000007ib4500 |
| 001 |
IT\ICCU\IEI\0127416 |
| 003 |
ItRI |
| 005 |
20260115232223.0 |
| 008 |
990209s1998 it |||||| ||||| |||||c |
| 040 |
|
|
|b ita
|c importazione bologna sebina
|
| 041 |
|
7 |
|a ita
|2 ISO-639-2
|
| 082 |
|
|
|a 340.115
|9 DIRITTO E SOCIETA
|2 20
|
| 245 |
0 |
3 |
|a La giustizia del cittadino,
|p stati generali dei Democratici di Sinistra sulla giustizia.
|
| 260 |
|
|
|a Roma :
|b T. Ruffa,
|c 1998
|
| 300 |
|
|
|a 462 p. ;
|c 23 cm.
|
| 500 |
|
|
|a Convegno tenutosi a Napoli nel luglio 1998.
|
| 500 |
|
|
|a A. 4, n. 22/24 (nov.-dic. 1998)
|9 IT\ICCU\IEI\0094976
|
| 650 |
|
7 |
|a GIUSTIZIA
|x ITALIA
|x CONGRESSI
|x NAPOLI
|x 1998
|2 scbi
|
| 710 |
1 |
|
|a Italia.
|b Camera dei Deputati.
|b Gruppo parlamentare Sinistra democratica - l'Ulivo
|0 IT\ICCU\RERV\026620
|4 edt
|
| 773 |
1 |
|
|w IT\ICCU\IEI\0094976
|t Info
|
| 830 |
|
0 |
|a Info quaderni
|0 IT\ICCU\IEI\0110398
|
| 942 |
|
|
|2 ddc
|c BK
|n 0
|
| 952 |
|
|
|0 0
|1 0
|4 0
|6 DOC_320_010000000000000_GRU
|7 0
|9 22248
|a BO
|b BO
|d 2026-01-15
|i 4995
|l 0
|o DOC 320.01 GRU
|p BO4995
|r 2026-01-15 23:22:23
|w 2026-01-15
|x [Sebina 5] [1 v.]
|y BK
|z 1 v.
|
| 999 |
|
|
|c 19003
|d 19003
|